Cross-lingual plagiarism detection : πτυχιακή εργασία
Στην πτυχιακή αυτή, αναλύεται το πρόβλημα της λογοκλοπής αλλά κυρίως οι τρόποι αντιμετώπισης του. Κατηγοριοποιούνται οι μέθοδοι ποι χρησιμοποιούνται για τη διαδικασία της ανίχνευσης καθώς προτείνεται και ένας νέος τρόπος για την ανιχνευση συγκεκριμένα διαγλωσσικής λογοκλοπής....
Αποθηκεύτηκε σε:
| Κύριος συγγραφέας: | |
|---|---|
| Συγγραφή απο Οργανισμό/Αρχή: | |
| Άλλοι συγγραφείς: | |
| Μορφή: | Thesis Βιβλίο |
| Γλώσσα: | English |
| Δημοσίευση: |
2014.
|
| Θέματα: | |
| Διαθέσιμο Online: | http://hdl.handle.net/11610/8795 |
| Ετικέτες: |
Προσθήκη ετικέτας
Δεν υπάρχουν, Καταχωρήστε ετικέτα πρώτοι!
|
MARC
| LEADER | 00000cam a2200000 i 4500 | ||
|---|---|---|---|
| 001 | 1/53971 | ||
| 008 | 140827s2014 gr ||| eng|| | ||
| 035 | |l 10118765 | ||
| 040 | |a GR-MY-UA |b gre |e aacr | ||
| 041 | 0 | |a eng | |
| 082 | 0 | |a 808.0250285 |2 (22) | |
| 100 | 1 | |a Πετεινέρη, Καλλιόπη. | |
| 245 | 1 | 0 | |a Cross-lingual plagiarism detection : |b πτυχιακή εργασία / |c Kalliopi Peteineri ; επιβλέπων καθηγητής Stamatatos Efstathios. |
| 260 | |c 2014. | ||
| 300 | |a ix, 61 σ. : |b πιν. ; |c 30 εκ. | ||
| 502 | # | # | |a Πτυχιακή εργασία – Πανεπιστήμιο Αιγαίου, Σάμος, 2014. |
| 504 | |a Βιβλίογραφία: σ. 59-61. | ||
| 506 | 0 | |a Διάθεση πλήρους κειμένου - Ελεύθερη πρόσβαση. | |
| 520 | |a Στην πτυχιακή αυτή, αναλύεται το πρόβλημα της λογοκλοπής αλλά κυρίως οι τρόποι αντιμετώπισης του. Κατηγοριοποιούνται οι μέθοδοι ποι χρησιμοποιούνται για τη διαδικασία της ανίχνευσης καθώς προτείνεται και ένας νέος τρόπος για την ανιχνευση συγκεκριμένα διαγλωσσικής λογοκλοπής. | ||
| 520 | |a In this thesis, there are presented analytically the main problem of plagiarism as well as all known methods for plagiarism detection categorized by several previous approaches to the problem. In addition there is a proposed novel approach for cross-lingual plagiarism detection. | ||
| 540 | |a Κλειδωμένη η δυνατότητα αντιγραφής (copy) του κειμένου. | ||
| 610 | 2 | 0 | |a University of the Aegean |x Dissertations. |
| 650 | 0 | 0 | |a Plagiarism |x Detection. |
| 650 | 0 | 0 | |a Dissertations, Academic |z Greece. |
| 700 | 1 | |a Σταματάτος, Ευστάθιος, |e dgs [Επιβλέπων καθηγητής] | |
| 710 | 2 | |a Πανεπιστήμιο Αιγαίου. |b Σχολή Θετικών Επιστημών. |b Τμήμα Μηχανικών Πληροφοριακών και Επικοινωνιακών Συστημάτων. | |
| 852 | |a INST |b SAMOS |c DIATR |e 20140827 |h 808.0250285 ΠΕΤ |p 005300036963 |q 005300036963 |t DIE |y 23 | ||
| 852 | |a INST |b SAMOS |c DIATR |e 20140827 |h 808.0250285 ΠΕΤ |p 005300036964 |q 005300036964 |t DIE |y 23 | ||
| 856 | |u http://hdl.handle.net/11610/8795 | ||
| 901 | |a BIBL3-2014-2 | ||
| 909 | |a Σ |b 185147 | ||
| 909 | |a Σ |b 185148 | ||
| 924 | |a ΠΕΤΕΙΝΕΡΗ |b ΚΑΛΛΙΟΠΗ |y ΣΑΜΟΣ |z 2014-07 | ||
| 970 | |a ΚΟΣΙΕΡΗΣ |b ΧΡΗΣΤΟΣ |z 2014/08/27 | ||